000 00626nam a2200229Ia 4500
003 OSt
005 20221007071211.0
006 a|||||r|||| 00| 0
007 ta
008 221006b |||||||| |||| 00| 0 eng d
024 _a12,788
037 _cTextual
040 _aFLL
_cFLL
_beng
041 _2eng
_aeng
082 _aV3:2:N5, J5
100 _aKeir David L. Au.
_9688302
245 0 _aConstitutional history of modern Britain
260 _aLondon
_bAdam & Charles Black London
_c1955
300 _avii,579p
_ccm.
942 _hV3:2:N5, J5
_cTEXL
_2CC
999 _c1142733
_d1142733